000 00264nam a2200121 4500
999 _c8242
_d8242
003 OSt
005 20201007120936.0
008 201007b ||||| |||| 00| 0 eng d
020 _a709.59
082 _a709.59
_bRAW
245 _aThe art of southeast asia
942 _2ddc